00367cam a22000857a 4500008004000000245014300040260005000183300000800233700004000241180718b1980 xxu||||| |||| 00| 0 eng d aIndian standard guide for the preparation of bibliographic description sheet for technical reportscby Indian Standrads Institution, India aNew DelhibIndian Standrads Institutionc1980 a8p. aIndia. Indian Standrads Institution